Los fichajes más caros del fútbol - Laterales derechos - Estadísticas

Estadísticas generales
  • Esta prueba ha sido intentada 62 veces
  • La puntuación promedio es 8 de 10
Estadísticas de respuestas
Coste (M €) Temporada Nacionalidad Último club Nuevo club Jugador % Correcto
68,00 2021-2022 Marruecos Inter PSG Achraf Hakimi
100%
43,00 2020-2021 Marruecos Real Madrid Inter Achraf Hakimi
100%
65,00 2019-2020 Portugal Juventus Manchester City João Cancelo
88%
40,40 2018-2019 Portugal Valencia CF Juventus João Cancelo
88%
40,00 2023-2024 España Sporting Lisboa Tottenham Pedro Porro
84%
52,70 2017-2018 Inglaterra Tottenham Manchester City Kyle Walker
79%
58,50 2021-2022 Inglaterra Brighton Arsenal Ben White
71%
55,00 2019-2020 Inglaterra Crystal Palace Manchester United Aaron Wan-Bissaka
69%
35,70 2017-2018 Portugal Benfica FC Barcelona Nélson Semedo
69%
37,20 2023-2024 Inglaterra Southampton Newcastle United Tino Livramento
31%
No se encontraron pruebas coincidentes
Distribución de puntuación
Porcentaje de gente con cada puntuación
Porcentaje por número respondido
Historial de tus puntuaciones
No has intentado esta prueba.